[Event "11. OSEM SH"]
[Site "Büsum"]
[Date "2017.09.09"]
[Round "2.1"]
[White "Lehmann, Erwin"]
[Black "Ackermann, Hans Werner"]
[Result "0-1"]
[BlackElo "2295"]
[BlackTeam "SC Hansa Dortmund"]
[WhiteElo "2015"]
[WhiteTeam "Ahrensburger TSV"]

1. c4 b6 2. Nc3 Bb7 3. e4 e6 4. g3 Bb4 5. Nge2 f5 6. Bg2 Nf6 7. Qc2 O-O  8.
O-O  Bxc3 9. Nxc3 fxe4 10. Nxe4 Nxe4 11. Bxe4 Bxe4 12. Qxe4 Nc6 13. d4 Qf6
14. Be3 Qf5 15. Qxf5 Rxf5 16. Rac1 h5 17. h4 d6 18. Rfd1 a5 19. b3 a4 20. d5
Nb4 21. Rd2 axb3 22. axb3 exd5 23. cxd5 Nxd5 24. Rxd5 Rxd5 25. Rxc7 b5 26. Kg2
Ra3  0-1

[Event "11. OSEM SH"]
[Site "Büsum"]
[Date "2017.09.09"]
[Round "2.2"]
[White "Oechslein, Rainer"]
[Black "Görtz, Hans"]
[Result "1-0"]
[BlackElo "1998"]
[BlackTeam "DJK Wacker Bergeborbeck"]
[WhiteElo "2294"]
[WhiteTeam "SK Schweinfurt"]

1. e4 c5 2. Nf3 Nc6 3. Bb5 a6 4. Bxc6 bxc6 5. d3 d5 6. Nbd2 Qc7 7. O-O  Bg4
8. h3 Bxf3 9. Qxf3 e6 10. Re1 Rd8 11. Nf1 Be7 12. Bf4 Qb7 13. b3 dxe4 14. dxe4
Nf6 15. Ne3 O-O  16. Rad1 Nd7 17. Nc4 Nb6 18. Na5 Qc8 19. Qc3 Rxd1 20. Rxd1
Rd8 21. Rxd8+ Qxd8 22. Nxc6 Qd1+ 23. Kh2 Bf8 24. Nb8 Nd7 25. Qd3 Qxd3 26. cxd3
e5 27. Nxd7  1-0

[Event "11. OSEM SH"]
[Site "Büsum"]
[Date "2017.09.09"]
[Round "2.3"]
[White "Meyer, Irmin, Dr."]
[Black "Schumacher, Gottfried"]
[Result "1/2-1/2"]
[BlackElo "2273"]
[BlackTeam "HTC Bad Neuenahr"]
[WhiteElo "2000"]
[WhiteTeam "SV Werder Bremen"]

1. e4 e6 2. d4 Ne7 3. Nf3 f5 4. Nc3 g6 5. Be3 Bg7 6. Qd2 fxe4 7. Nxe4 d5 8. Nc5
b6 9. Nd3 c5 10. c3 Nec6 11. dxc5 e5 12. Nb4 Nxb4 13. cxb4 O-O  14. Be2 d4
15. Bc4+ Kh8 16. Bh6 bxc5 17. Bxg7+ Kxg7 18. bxc5 Qc7 19. b4 a5 20. O-O 
axb4 21. Rae1 Nc6 22. Nxe5 Nxe5 23. Qxd4 Re8 24. f4 Ra5 25. Rxe5 Rxe5 26. Qxe5+
Qxe5 27. fxe5 Rxc5 28. Bb3 Rxe5 29. Rc1 Bf5  1/2-1/2

[Event "11. OSEM SH"]
[Site "Büsum"]
[Date "2017.09.09"]
[Round "2.4"]
[White "Baum, Bernd, Dr."]
[Black "Quiring, Nikolai"]
[Result "1-0"]
[BlackElo "1990"]
[BlackTeam "SV Rendsburg"]
[WhiteElo "2268"]
[WhiteTeam "SC Fulda"]

1. g3 d5 2. Nf3 g6 3. Bg2 Bg7 4. d4 Nf6 5. c4 c6 6. cxd5 cxd5 7. O-O O-O  8.
Ne5 Ng4 9. Nxg4 Bxg4 10. Nc3 Be6 11. e3 Qd7 12. b3 Nc6 13. Ba3 Rfd8 14. Rc1
Rac8 15. Re1 f5 16. Re2 Bf7 17. Rec2 e6 18. Na4 b6 19. Bf1 Nb8 20. Nc3 Bf8 21.
Bxf8 Kxf8 22. Qd2 Kg7 23. Nb5 Nc6 24. Rc3 Be8 25. a4 Qe7 26. Qb2 a6 27. Na3 Qb7
28. Nc2 b5 29. axb5 axb5 30. b4 Nb8 31. Ne1 Rxc3 32. Qxc3 Qc6 33. Qb2 Qb7 34.
Nd3 Qe7 35. Ra1 Kh6 36. Nc5 Bc6 37. Ra5 Qe8 38. Bd3 Nd7 39. Bxb5 Nb6 40. Bxc6
Qxc6 41. b5 Qe8 42. Ra6 Nc4 43. Qb4 e5 44. Re6 Qh8 45. dxe5 Re8 46. b6 Rxe6 47.
Nxe6 Qxe5 48. b7 Qa1+ 49. Kg2 Nxe3+ 50. fxe3 Qa2+ 51. Kf3 Qxh2  1-0

[Event "11. OSEM SH"]
[Site "Büsum"]
[Date "2017.09.09"]
[Round "2.5"]
[White "Bondick, Karl-Heinz"]
[Black "Bartsch, Berthold"]
[Result "0-1"]
[BlackElo "2259"]
[BlackTeam "SC Forchheim"]
[WhiteElo "1991"]
[WhiteTeam "USC Magdeburg"]

1. d4 b5 2. e4 Bb7 3. f3 a6 4. Be3 d6 5. c4 bxc4 6. Bxc4 e6 7. Qb3 Qc8 8. Nc3
Nd7 9. Nge2 Be7 10. O-O  Ngf6 11. Rac1 O-O  12. Qd1 Rd8 13. a3 Rb8 14.
Ba2 Ba8 15. Rc2 Qb7 16. Qe1 a5 17. g4 c5 18. d5 exd5 19. Nxd5 Nxd5 20. Bxd5 Qa7
21. Nc3 Nb6 22. Ba2 Bc6 23. Qf2 Qb7 24. g5 Bd7 25. Nd5 Bf8 26. Rd1 Ba4 27. b3
Nxd5 28. bxa4 Nxe3 29. Qxe3 g6 30. Bc4 Bg7 31. Kg2 Bd4 32. Qd3 Qe7 33. f4 Kg7
34. h4 Rh8 35. f5 f6 36. Rf1 Rhf8 37. e5 dxe5 38. fxg6 hxg6 39. h5 f5  0-1

[Event "11. OSEM SH"]
[Site "Büsum"]
[Date "2017.09.09"]
[Round "2.6"]
[White "Hess, Christian Mathias"]
[Black "Rychlik, Kurt"]
[Result "1-0"]
[BlackElo "1988"]
[BlackTeam "SV Berenbostel"]
[WhiteElo "2238"]
[WhiteTeam "FC ST.Pauli"]

1. Nf3 g6 2. d4 Bg7 3. e4 d6 4. Be3 Nf6 5. Nc3 a6 6. Qd2 h6 7. h3 Nbd7 8. e5 Ng8
9. O-O-O b5 10. Bd3 Nb6 11. Rhe1 d5 12. Nh2 Nc4 13. Qe2 c6 14. Nf1 Qa5 15. Nd2
e6 16. Nb3 Qb6 17. Nc5 Ne7 18. g4 a5 19. f4 Bf8 20. Bf2 a4 21. Bxc4 dxc4 22. d5
cxd5 23. Nd7 Qa6 24. Nf6+ Kd8 25. Bc5 Bb7 26. Nce4 Nc8 27. Qf2 Qc6 28. Bxf8
Rxf8 29. Qh4 Kc7 30. Qxh6 Rd8 31. Ng5 c3 32. Nxf7 Nb6 33. Nxd8 Rxd8 34. Qg7+
Kb8 35. Qe7 cxb2+ 36. Kb1 Kc8 37. Ne4 Nc4 38. Re3 Rd7 39. Qf8+ Kc7 40. Nd6 b4
41. Ne8+ Kd8 42. Nf6+ Kc7 43. Nxd7 Kxd7 44. Qxb4 Ba6 45. f5 Nxe5 46. fxe6+ Ke8
47. Qb8+ Ke7 48. Qxe5 Bd3 49. cxd3  1-0

[Event "11. OSEM SH"]
[Site "Büsum"]
[Date "2017.09.09"]
[Round "2.7"]
[White "Jäke, Wilhelm"]
[Black "Van den Berg, Ad"]
[Result "0-1"]
[BlackElo "2237"]
[BlackTeam "Aas Alsmeer"]
[WhiteElo "1983"]
[WhiteTeam "Kropper SC"]

1. Nf3 c5 2. c4 g6 3. Nc3 Bg7 4. g3 Nc6 5. Bg2 e5 6. d3 Nge7 7. O-O  O-O
 8. a3 Rb8 9. Rb1 a5 10. Bd2 d6 11. Nb5 d5 12. cxd5 Nxd5 13. Ng5 Nde7 14.
Ne4 Qb6 15. Nbc3 Nd4 16. Na4 Qa7 17. e3 Ne6 18. b4 cxb4 19. axb4 b5 20. Nac5 a4
21. Qc2 Rd8 22. Rfc1 h6 23. h4 f5 24. Nxe6 Bxe6 25. Nc5 Bf7 26. Bc3 Nd5 27.
Bxd5 Rxd5 28. e4 fxe4 29. dxe4 Rxc5 30. bxc5 Qxc5 31. Bb4 Qxc2 32. Rxc2 Bc4 33.
Rbc1 Bf8 34. Bxf8 Kxf8 35. Rxc4 bxc4 36. Rxc4 Ra8 37. Rc2 a3 38. Ra2 Ke7 39.
Kf1 Kd6 40. Ke2 Kc5 41. Kd3 Kb4 42. Kc2 g5 43. hxg5 hxg5 44. Kb1 g4 45. Re2 Rf8
46. Ka2 Rf3 47. Rc2 Rd3 48. Rc8 Rd2+ 49. Kb1 Rxf2 50. Rg8 Re2 51. Rb8+ Kc4 52.
Rc8+ Kd4 53. Rg8 Rxe4 54. Ka2 Ke3 55. Rf8 Ra4 56. Rf1 Ra5 57. Rf5 Ke4 58. Rf1
Rd5 59. Kxa3 Rd3+ 60. Kb2 Rxg3 61. Kc2 Rg2+  0-1

[Event "11. OSEM SH"]
[Site "Büsum"]
[Date "2017.09.09"]
[Round "2.8"]
[White "Postler, Reinhard"]
[Black "Wolke, Reimund"]
[Result "1-0"]
[BlackElo "1979"]
[BlackTeam "Hamburger SK"]
[WhiteElo "2221"]
[WhiteTeam "TSG Oberschöneweide"]

1. e4 c5 2. Nf3 e6 3. d4 cxd4 4. Nxd4 Nf6 5. Nc3 d6 6. Be2 a6 7. f4 Be7 8. Be3
Qc7 9. O-O  O-O  10. g4 Nc6 11. g5 Nd7 12. f5 Nde5 13. Rf2 Kh8 14. Qd2
Bd7 15. Nb3 b5 16. f6 gxf6 17. gxf6 Rg8+ 18. Kh1 Bf8 19. Rg1 Rxg1+ 20. Kxg1 Nc4
21. Bxc4 bxc4 22. Nd4 Ne5 23. Rg2 Bc6 24. Qf2 d5 25. Qg3  1-0

[Event "11. OSEM SH"]
[Site "Büsum"]
[Date "2017.09.09"]
[Round "2.9"]
[White "Kracht, Helmut"]
[Black "Köhler, Gerhard, Dr."]
[Result "0-1"]
[BlackElo "2192"]
[BlackTeam "USV Halle"]
[WhiteElo "1979"]
[WhiteTeam "SK Kaltenkirchen"]

1. e4 c5 2. Nc3 e6 3. g3 Nc6 4. Bg2 g6 5. d3 Bg7 6. f4 d6 7. Nf3 Nge7 8. O-O
 O-O  9. Be3 Nd4 10. Qd2 Rb8 11. Nd1 b6 12. Nh4 f5 13. c3 Ndc6 14. Nf2
d5 15. exd5 Nxd5 16. Qe2 e5 17. fxe5 Nxe3 18. Qxe3 Nxe5 19. Nf3 Nxf3+ 20. Bxf3
 Re8 21. Qf4 Be6 22. Rfe1 Bf7 23. Bc6 Rxe1+ 24. Rxe1 Rc8 25. Bb5 Qc7 26.
Qh4 Bf8 27. a3 Qd8 28. Qf4 Bd6 29. Qh6 Rc7 30. Nh3 Be7 31. Qf4 Bd6 32. Qh6 Qf8
33. Qxf8+ Bxf8 34. Ng5 Bd5 35. Kf2 Re7 36. Rxe7 Bxe7 37. Nf3 Bf6 38. Nd2 Kg7
39. Nc4 Be7 40. a4 Bb7 41. Bd7 Kf6 42. a5 Bd8 43. axb6 axb6 44. Nd6 Bd5 45. Nb5
Be7 46. Nc7 Bf7 47. Bc6 Ke5 48. Nb5 h5 49. d4+ cxd4 50. cxd4+ Kf6 51. Nc7 Bd8
52. Nd5+ Ke6 53. Nc3 Kd6 54. Bg2 Be8 55. Bf1 Bf6 56. Ke3 Bg5+ 57. Kd3 Bc1 58.
b3 Bc6 59. b4 Bg5 60. b5 Bd7 61. Bg2 h4 62. g4 Bf4 63. h3 fxg4 64. hxg4 Bxg4
65. Ne4+ Kc7 66. Nf6 Bf5+ 67. Kc4 Kd6 68. Nd5 Be6  0-1

[Event "11. OSEM SH"]
[Site "Büsum"]
[Date "2017.09.09"]
[Round "2.10"]
[White "Strobel, Walter"]
[Black "Ehlert, Horst"]
[Result "1/2-1/2"]
[BlackElo "1965"]
[BlackTeam "SV Laatzen"]
[WhiteElo "2189"]
[WhiteTeam "SK Klingenberg"]

1. e4 c5 2. Nf3 e6 3. Nc3 a6 4. d4 cxd4 5. Nxd4 Qc7 6. Be3 b5 7. Bd3 Nf6 8. Qd2
Bb7 9. f3 Bb4 10. O-O-O d5 11. e5 Nfd7 12. f4 Nc6 13. Nb3 Rc8 14. Kb1 g6 15. a3
Be7 16. Qf2 b4 17. axb4 Nxb4 18. Na2 Nxa2 19. Kxa2 Bc6 20. Kb1 Bb5 21. Bxb5
axb5 22. Rhe1 h5 23. Rd3 b4 24. Red1 O-O  25. g4 hxg4 26. Rg1 Nc5 27. Nxc5
Bxc5 28. Rxg4 Bxe3 29. Rxe3 Ra8 30. Qg1 Rfe8 31. Reg3 Kf8 32. Rb3 Qa5 33. Kc1
Qa1+ 34. Kd2 Qxg1 35. Rxg1 Rab8  1/2-1/2

[Event "11. OSEM SH"]
[Site "Büsum"]
[Date "2017.09.09"]
[Round "2.11"]
[White "Berenstein, Alexander"]
[Black "Hassenrück, Helmut"]
[Result "1/2-1/2"]
[BlackElo "2167"]
[BlackTeam "SG-Gladbeck"]
[WhiteElo "1968"]
[WhiteTeam "SV Rendsburg"]

1. e4 c5 2. Nc3 Nc6 3. f4 e6 4. Nf3 d5 5. Bb5 Ne7 6. Ne5 Bd7 7. Nxd7 Qxd7 8. d3
a6 9. Bxc6 Nxc6 10. O-O  Be7 11. Qg4 dxe4 12. dxe4 O-O 13. Be3 f5 14. Qg3
Nd4 15. Rad1 Qc6 16. e5 Nxc2 17. Bf2 Rad8 18. Kh1 Nb4 19. a3 Nd5 20. Rc1 c4 21.
Ne2 b5 22. Nd4 Qc8 23. Bg1 Rfe8 24. Rfd1 Bc5 25. Ne2 Bxg1 26. Nxg1 Qc5 27. Nh3
Ne3 28. Rxd8 Rxd8 29. Ng5 Re8 30. Qf2 h6 31. Nxe6 Rxe6 32. Re1 c3 33. bxc3 Qxa3
34. Qxe3 Qa2 35. h3 a5 36. g4 Qd5+ 37. Kh2 Qa2+ 38. Re2 Qb1  1/2-1/2

[Event "11. OSEM SH"]
[Site "Büsum"]
[Date "2017.09.09"]
[Round "2.12"]
[White "Bade, Uwe"]
[Black "Gebuhr, Günter"]
[Result "1-0"]
[BlackElo "1961"]
[BlackTeam "SSV Weimar"]
[WhiteElo "2157"]
[WhiteTeam "SC Friesen Lichtenberg"]

1. e4 c5 2. Nf3 Nc6 3. d4 cxd4 4. Nxd4 Nf6 5. Nc3 d6 6. Bc4 e6 7. Bb3 a6 8. Be3
Bd7 9. O-O  Be7 10. f4 Qc7 11. Qf3 Nxd4 12. Bxd4 Bc6 13. Rae1 b5 14. a3 Qb7
15. g4 b4 16. axb4 Qxb4 17. Rd1 e5 18. fxe5 dxe5 19. Bxe5 Bxe4 20. Nxe4 Qxe4
21. Qxe4 Nxe4 22. Bxf7+  1-0

[Event "11. OSEM SH"]
[Site "Büsum"]
[Date "2017.09.09"]
[Round "2.13"]
[White "Szenetra, Werner"]
[Black "Mentink, Toon"]
[Result "1-0"]
[BlackElo "1946"]
[BlackTeam "Stukkenjagers"]
[WhiteElo "2148"]
[WhiteTeam "SV Berenbostel"]

1. Nf3 d5 2. g3 Nc6 3. d3 e5 4. Nbd2 Be7 5. Bg2 h5 6. h4 Be6 7. c4 Nf6 8. Ng5
Qd7 9. Nxe6 fxe6 10. a3 O-O  11. b4 Rae8 12. O-O  Ng4 13. cxd5 exd5 14.
Qb3 Rd8 15. Bb2 Kh8 16. e3 Bf6 17. Bh3 Qd6 18. b5 Ne7 19. a4 e4 20. Bxg4 hxg4
21. Bxf6 Rxf6 22. dxe4 Rdf8 23. exd5 Qe5 24. Rad1 Nf5 25. Nc4 Qe4 26. Nd2 Qe7
27. Kg2 Nd6 28. Qb4 Qd7 29. Ne4 Rf3 30. Ng5 Qf5 31. Qb2 Ne4 32. Ne6 Rf6 33. Nf4
Rd6 34. Rd4 Nf6 35. Qb1 Qh7 36. Qxh7+ Kxh7 37. Rc1 Rd7 38. Ne6 Rf5 39. Nf8+ Kg8
40. Nxd7 Nxd7 41. Rxc7  1-0

[Event "11. OSEM SH"]
[Site "Büsum"]
[Date "2017.09.09"]
[Round "2.14"]
[White "Rüberg, Jobst"]
[Black "Oettel, Lothar"]
[Result "1-0"]
[BlackElo "1937"]
[BlackTeam "TSG Oberschöneweide"]
[WhiteElo "2130"]
[WhiteTeam "SV Ahlen"]

1. e4 c5 2. Nf3 Nc6 3. c3 g6 4. d4 cxd4 5. cxd4 d6 6. Nc3 Bg7 7. Be2 Nf6 8. O-O
 O-O  9. h3 a6 10. Re1 Bd7 11. Bg5 Rc8 12. Qd2 b5 13. Bd3 Qb6 14. e5 b4
15. Na4 Qa5 16. exf6 exf6 17. Bf4 Qxa4 18. Bxd6 Rfe8 19. Rxe8+ Rxe8 20. d5 Ne5
21. Nxe5 fxe5 22. Bxb4 Bf8 23. Bxf8 Rxf8 24. Qe2 Qd4 25. Rd1 Rb8 26. b3  1-0

[Event "11. OSEM SH"]
[Site "Büsum"]
[Date "2017.09.09"]
[Round "2.15"]
[White "Zimmermann, Manfred"]
[Black "Gläser, Wilfried"]
[Result "0-1"]
[BlackElo "2129"]
[BlackTeam "SK Anderten"]
[WhiteElo "1949"]
[WhiteTeam "Kieler SG"]

1. d4 Nf6 2. Nf3 c5 3. e3 g6 4. Be2 Bg7 5. O-O  b6 6. d5 Bb7 7. c4 e6 8. Nc3
exd5 9. cxd5 O-O 10. e4 d6 11. h3 a6 12. a4 Re8 13. Bd3 c4 14. Bc2 Nbd7 15. Re1
Qc7 16. Bf4 Nh5 17. Bh2 Ne5 18. Nxe5 Bxe5 19. Bxe5 Rxe5 20. Qd2 g5 21. Ne2 f6
22. g4 Ng7 23. Kg2 Qc5 24. f4 gxf4 25. Nxf4 Rae8 26. Qf2 Qxf2+ 27. Kxf2 h5 28.
Rg1 Kf7 29. h4 hxg4 30. Rxg4 f5 31. Rg6 fxe4 32. Rxd6 Nf5 33. Rd7+ R8e7 34.
Rxe7+ Rxe7 35. Rd1 e3+ 36. Ke1 Nxh4 37. Ke2 Bc8 38. Rg1 Bf5 39. Bxf5 Nxf5 40.
Rd1 Rd7 41. Kf3 Kf6 42. Ke4 Re7+ 43. Ne6 e2 44. Re1 Rh7 45. Nf4 Rh2 46. Ne6 Rf2
47. Nd4 Rf1 48. Nf3 Nh4 49. Rxe2 Nxf3 50. Ke3 Ke5 51. Rg2 Nd4 52. Rg6 Re1+ 53.
Kd2  0-1

[Event "11. OSEM SH"]
[Site "Büsum"]
[Date "2017.09.09"]
[Round "2.16"]
[White "Knaak, Joachim"]
[Black "Schwertel, Johann"]
[Result "1-0"]
[BlackElo "1930"]
[BlackTeam "SV Koblenz"]
[WhiteElo "2129"]
[WhiteTeam "SV Dresden-Leuben"]

1. d4 d5 2. c4 e6 3. Nf3 Nf6 4. Nc3 c6 5. e3 Nbd7 6. Bd3 Bd6 7. O-O  O-O
 8. Qc2 h6 9. Bd2 Re8 10. Rac1 dxc4 11. Bxc4 Nd5 12. e4 N5b6 13. Bb3 Nf8
14. Rfd1 Ng6 15. h3 Bf4 16. a4 Bxd2 17. Rxd2 Qe7 18. a5 Nd7 19. e5 Nf4 20. Ne4
Nd5 21. Bxd5 exd5 22. Nd6 Rd8 23. a6 bxa6 24. Qxc6 Nb6 25. Qc5 Be6 26. Qa3 Nc4
27. Nxc4 dxc4 28. Qxe7  1-0

[Event "11. OSEM SH"]
[Site "Büsum"]
[Date "2017.09.09"]
[Round "2.17"]
[White "Wittkugel, Friedhelm"]
[Black "Lotzien, Hans"]
[Result "0-1"]
[BlackElo "2126"]
[BlackTeam "Godesberger SK"]
[WhiteElo "1941"]
[WhiteTeam "SV Kamen"]

1. d4 d5 2. Nf3 c6 3. e3 Bf5 4. c4 e6 5. Nc3 Nf6 6. Qb3 Qb6 7. Nd2 Nbd7 8. c5
Qc7 9. f4 Be7 10. Nf3 b6 11. cxb6 axb6 12. Bd2 O-O  13. Rc1 Qa7 14. a3 c5
15. Bb5 c4 16. Qd1 Ne4 17. O-O  f6 18. Be1 Rf7 19. Nh4 Nxc3 20. Bxc3 Bd3
21. Rf2 Nf8 22. f5 Qc7 23. fxe6 Nxe6 24. Qg4 Ng5 25. Nf5 Kh8 26. Qf4 Bf8 27. h4
Ne4 28. Rf3 Be2 29. Rh3 Qxf4 30. exf4 Bg4  0-1

[Event "11. OSEM SH"]
[Site "Büsum"]
[Date "2017.09.09"]
[Round "2.18"]
[White "Just, Fred"]
[Black "Hellwege, Werner"]
[Result "1-0"]
[BlackElo "1929"]
[BlackTeam "HSK LTu"]
[WhiteElo "2121"]
[WhiteTeam "SV Werder Bremen"]

1. d4 Nf6 2. Nf3 e6 3. c4 d5 4. e3 c6 5. Nc3 Nbd7 6. Qc2 Bd6 7. Be2 O-O  8.
O-O  dxc4 9. Bxc4 e5 10. Rd1 Qe7 11. dxe5 Nxe5 12. Nxe5 Bxe5 13. f4 Bxc3
14. bxc3 Bg4 15. Re1 Ne4 16. Bd3 Rfe8 17. h3 Bd7 18. Rb1 b6 19. Rb4 f5 20. Bxe4
fxe4 21. Rd4 Rad8 22. Red1 Bc8 23. Kh2 Rd7 24. Qa4 Rxd4 25. Rxd4 b5 26. Qc2 Bb7
27. Qb3+ Kh8 28. Ba3 Qc7 29. Bd6 Qc8 30. Qf7 c5 31. Rd2 Rg8 32. Be5 Bc6 33. Rd6
Qe8 34. Qxa7 b4  1-0

[Event "11. OSEM SH"]
[Site "Büsum"]
[Date "2017.09.09"]
[Round "2.19"]
[White "Thieme, Wolfgang"]
[Black "Andersen, Knut"]
[Result "0-1"]
[BlackElo "2108"]
[BlackTeam "SF Buer"]
[WhiteElo "1939"]
[WhiteTeam "SC Bayer Uerdingen"]

1. e4 d6 2. d4 Nf6 3. Nc3 g6 4. f4 Bg7 5. Nf3 O-O  6. e5 dxe5 7. dxe5 Qxd1+
8. Kxd1 Ng4 9. Ke1 Rd8 10. Bc4 c6 11. Ng5 Nh6 12. Be3 b5 13. Bb3 Na6 14. h3 Nc7
15. Bc5 Bf8 16. Rd1 Rxd1+ 17. Kxd1 Na6 18. Bf2 e6 19. Nce4 Be7 20. c4 Nf5 21.
c5 h6 22. Nf3 Nb4 23. g4 Ng7 24. Ke2 a5 25. a3 Nd5 26. Bxd5 exd5 27. Nd6 Ne6
28. Be3 b4 29. a4 Bd7 30. f5 Ng5 31. Nxg5 Bxg5 32. Bxg5 hxg5 33. h4 gxh4 34.
Rxh4 Kg7 35. Nxf7 gxf5 36. Ng5 Kg6 37. Nf3 fxg4 38. Nd4 Re8  0-1

[Event "11. OSEM SH"]
[Site "Büsum"]
[Date "2017.09.09"]
[Round "2.20"]
[White "Meul, Willi"]
[Black "Zunker, Reinhard, Dr."]
[Result "0-1"]
[BlackElo "2103"]
[BlackTeam "SV Hofheim"]
[WhiteElo "1938"]
[WhiteTeam "SV Hürth-Berrenrath"]

1. d4 g6 2. c4 Bg7 3. e4 c6 4. Nc3 d6 5. Be3 Nd7 6. Qd2 Ngf6 7. f3 a6 8. Nh3 b5
9. g4 Nb6 10. b3 h5 11. g5 Nh7 12. Nf2 b4 13. Ne2 a5 14. h4 Nd7 15. Rd1 Qc7 16.
Bh3 O-O  17. Nd3 e6 18. f4 Bb7 19. O-O  Rfe8 20. f5 d5 21. fxg6 fxg6
22. e5 dxc4 23. bxc4 Nb6 24. Nc5 Nxc4 25. Bxe6+ Rxe6 26. Nxe6 Qe7  0-1

[Event "11. OSEM SH"]
[Site "Büsum"]
[Date "2017.09.09"]
[Round "2.21"]
[White "Schulz, Wolfgang"]
[Black "Pamperin, Gerhard"]
[Result "0-1"]
[BlackElo "1927"]
[BlackTeam "SF Schwerin"]
[WhiteElo "2101"]
[WhiteTeam "Hamburger SK"]

1. e4 e6 2. d3 d5 3. Nd2 b6 4. Ngf3 Bb7 5. g3 Nf6 6. e5 Nfd7 7. Bg2 c5 8. O-O
 Be7 9. Re1 O-O  10. Nf1 Nc6 11. h4 Re8 12. N1h2 f5 13. exf6 Bxf6 14.
Ng5 Nf8 15. Ng4 h6 16. Nf3 Be7 17. Nfe5 Bd6 18. Bf4 Qc7 19. h5 Nxe5 20. Bxe5
Bxe5 21. Nxe5 Nh7 22. f4 d4 23. Qe2 Nf6 24. Bf3 Nd5 25. Qg2 Rab8 26. Ng4 Nf6
27. Nxf6+ gxf6 28. Re2 Qf7 29. Rae1 Kf8 30. Bxb7 Rxb7 31. Qf3 Rbe7 32. Kg2 Qg7
33. Kh3 Qg8 34. Rg1 Rg7 35. Qc6 Rge7 36. Qd6 Qf7 37. Kh4 f5 38. Rge1 Qf6+ 39.
Kh3 Kf7 40. Qe5 Rg8 41. Kg2 Qh4  0-1

[Event "11. OSEM SH"]
[Site "Büsum"]
[Date "2017.09.09"]
[Round "2.22"]
[White "Schirmer, Werner"]
[Black "Gehrmann, Rudolf-Rainer"]
[Result "0-1"]
[BlackElo "2096"]
[BlackTeam "SV Eutin"]
[WhiteElo "1931"]
[WhiteTeam "Hamburger SK"]

1. e4 c5 2. Nf3 d6 3. d4 cxd4 4. Nxd4 Nf6 5. Nc3 g6 6. Be3 Bg7 7. f3 O-O  8.
Qd2 Nc6 9. Bc4 Bd7 10. O-O-O Rb8 11. Bb3 Nxd4 12. Bxd4 a5 13. Nd5 Nxd5 14. Bxg7
Kxg7 15. Bxd5 b5 16. Qd4+ Kg8 17. e5 e6 18. Be4 d5 19. Bd3 b4 20. h4 a4 21. h5
Bb5 22. Qf4 Bxd3 23. Rxd3 g5 24. Qe3 f5 25. exf6 Qxf6 26. Re1 Rfe8 27. Qe5 Qxe5
28. Rxe5 h6 29. b3 axb3 30. cxb3 Kf7 31. Re2 Kf6 32. Rc2 Rbc8 33. Rxc8 Rxc8+
34. Kb2 Ke5 35. Rd2 d4 36. a4 bxa3+ 37. Kxa3 Kd5 38. Ka4 Ra8+ 39. Kb5 Rb8+ 40.
Ka4 e5 41. Ka3 Ra8+ 42. Kb2 g4  0-1

[Event "11. OSEM SH"]
[Site "Büsum"]
[Date "2017.09.09"]
[Round "2.23"]
[White "Neumann, Joachim"]
[Black "Fleischer, Matthias"]
[Result "1-0"]
[BlackElo "1926"]
[BlackTeam "SV Einheit Schwerin"]
[WhiteElo "2093"]
[WhiteTeam "SC Agon Neumünster"]

1. Nf3 Nf6 2. g3 g6 3. b3 Bg7 4. Bb2 O-O  5. Bg2 c6 6. O-O  d6 7. d4 Bg4
8. c4 Bxf3 9. exf3 Nbd7 10. f4 d5 11. Nc3 e6 12. Qd3 Re8 13. Rfd1 Bf8 14. c5
Bh6 15. b4 Nh5 16. Bc1 f5 17. b5 Qc7 18. Be3 Nhf6 19. f3 Nh5 20. Rdb1 a6 21.
bxc6 bxc6 22. Rb3 a5 23. Rab1 Reb8 24. Na4 Rxb3 25. Rxb3 Rb8 26. Qa6 Rxb3 27.
axb3 Nhf6 28. Nb6 Nb8 29. Qxa5 Nfd7 30. Nc4 Qxa5 31. Nxa5 Kf7 32. Bf1 Ke7 33.
Nb7 e5 34. Kf2 exf4 35. Bxf4 Bxf4 36. gxf4 Nf6 37. b4 Ne8 38. b5 Kd7 39. Na5
Ke7 40. Bd3 Nf6 41. Ke3 Nh5 42. b6 Kd7 43. Nb7 Ng7 44. Nd6 Ne8 45. Nf7 Ng7 46.
Ng5 h5 47. Nf7 Ke6 48. Ne5 Kf6 49. Bb5 g5 50. fxg5+ Kxg5 51. f4+  1-0

[Event "11. OSEM SH"]
[Site "Büsum"]
[Date "2017.09.09"]
[Round "2.24"]
[White "Bieberle, Gerhart"]
[Black "Biller, Helmut, Dr."]
[Result "0-1"]
[BlackElo "2084"]
[BlackTeam "SF Frankfurt"]
[WhiteElo "1927"]
[WhiteTeam "PTSVAachen"]

1. d4 d5 2. Bf4 c5 3. e3 Nc6 4. Nf3 Nf6 5. Be2 Bg4 6. c3 e6 7. h3 Bh5 8. O-O
 Bd6 9. Bxd6 Qxd6 10. Nbd2 O-O  11. dxc5 Qxc5 12. Nd4 Bg6 13. Nxc6 bxc6
14. Nb3 Qb6 15. Bd3 e5 16. Bxg6 hxg6 17. Qc2 c5 18. Nd2 Rfe8 19. Rab1 Rac8 20.
Rfe1 Qc6 21. Qd3 e4 22. Qc2 Qb7 23. Qa4 Qc6 24. Qxc6 Rxc6 25. Nb3 Rec8 26. Re2
Ra6 27. Nc1 c4 28. Rd2 Kf8 29. Kf1 Ke7 30. Ke1 Ke6 31. Kd1 Nd7 32. Ne2 Ke5 33.
b4 cxb3 34. axb3 g5 35. c4 Nb6 36. cxd5 Nxd5 37. Rc1 Rxc1+ 38. Kxc1 Nb4 39. Nd4
Ra1+ 40. Kb2 Ra2+ 41. Kc1 Nd3+ 42. Kd1 Ra1+  0-1

[Event "11. OSEM SH"]
[Site "Büsum"]
[Date "2017.09.09"]
[Round "2.25"]
[White "Mertens, Klaus"]
[Black "Gehrmann, Dorit"]
[Result "1-0"]
[BlackElo "1920"]
[BlackTeam "SV Eutin"]
[WhiteElo "2084"]
[WhiteTeam "FC Bierstadt"]

1. Nf3 Nf6 2. g3 b6 3. Bg2 Bb7 4. d4 e6 5. O-O  Be7 6. c4  O-O  7.
Nc3 d6 8. b3 Nbd7 9. Bb2 Rb8 10. Qc2 c5 11. Rfd1 cxd4 12. Rxd4 d5 13. cxd5 Nxd5
14. Nxd5 exd5 15. Rad1 Bf6 16. R4d2 Qe7 17. Qf5 Bxb2 18. Rxb2 Nf6 19. Nd4 Ne4
20. Rc2 Rbc8 21. Rdc1 Rxc2 22. Rxc2 Qb4 23. Nf3 Qe7 24. Qf4 Rd8 25. Bh3 Nd6 26.
Nd4 g5 27. Qd2 Ne4 28. Qe3 Re8 29. f3 Nd6 30. Qxe7 Rxe7 31. Kf2 Ba6 32. Rd2 Bb7
33. e3 h5 34. Bf5 Nxf5 35. Nxf5 Rc7 36. Nd4 a6 37. Ke2 Kf8 38. Rc2 Rxc2+ 39.
Nxc2 Ke7 40. Kd3 Kd6 41. Kd4 Bc6 42. Nb4 Bb7 43. h4 f6 44. Nd3 Bc8 45. Nf2 Ke6
46. b4 Kd6 47. a3 Bd7 48. Nd1 Bc6 49. Nc3 Ke6 50. a4 b5 51. axb5 axb5 52. Kc5
d4 53. exd4 Bxf3 54. d5+ Kd7 55. Nxb5 gxh4 56. gxh4 Be4 57. Nc3 Bg2 58. b5 f5
59. Ne2 Bf1 60. Nf4  1-0

[Event "11. OSEM SH"]
[Site "Büsum"]
[Date "2017.09.09"]
[Round "2.26"]
[White "Urbanek, Paul-Gerhard"]
[Black "Achenbach, Manfred"]
[Result "1/2-1/2"]
[BlackElo "2083"]
[BlackTeam "SC Mülheim"]
[WhiteElo "1927"]
[WhiteTeam "SF Buxtehude"]

1. e4 c5 2. Nf3 d6 3. c4 Nc6 4. h3 g6 5. Nc3 Bg7 6. d3 Nd4 7. Nxd4 cxd4 8. Nb1
e5 9. Be2 Ne7 10. O-O  O-O  11. f4 f5 12. fxe5 dxe5 13. Bg5 h6 14. Bxe7
Qxe7 15. exf5 gxf5 16. Nd2 Be6 17. Bf3 Rad8 18. Qb3 b6 19. Rae1 Qc5 20. a3 a5
21. Qa4 Bf6 22. Qc6 Qxc6 23. Bxc6 Rd6 24. Bd5 Bxd5 25. cxd5 Rxd5 26. Rxf5 Bg5
27. Rxf8+ Kxf8 28. Nc4 Bf4 29. Nxb6 Rb5 30. Nc4 Rb3 31. Nxe5 Kg7 32. Nc4 Rxd3
33. Nxa5 Bd2 34. Re5 Be3+ 35. Kf1 Rd1+ 36. Ke2 Rd2+ 37. Kf3  1/2-1/2

[Event "11. OSEM SH"]
[Site "Büsum"]
[Date "2017.09.09"]
[Round "2.27"]
[White "Hanisch, Friedrich"]
[Black "Kluger, Hans-Peter"]
[Result "1-0"]
[BlackElo "1917"]
[BlackTeam "SF Fallersleben"]
[WhiteElo "2081"]
[WhiteTeam "SV Lauf"]

1. d4 d5 2. c4 c6 3. cxd5 cxd5 4. Bf4 Nc6 5. e3 a6 6. Nc3 Bf5 7. Be2 Nf6 8. Nf3
e6 9. Qb3 Qd7 10. O-O  Be7 11. Ne5 Nxe5 12. Bxe5 O-O  13. Na4 Rad8 14.
Nb6 Qe8 15. Bc7 Bd6 16. Bxd8 Qxd8 17. Rfc1 Nd7 18. Nxd7 Qxd7 19. Bd3 Bg4 20.
Qc2 f5 21. Be2 Qf7 22. Bxg4 fxg4 23. Qe2 h5 24. Rc2 Kh7 25. Rac1 Qf5 26. Rd2
Kh6 27. a3 g6 28. Qd3 Kg5 29. Qxf5+ Kxf5 30. f3 g3 31. hxg3 Bxg3 32. Re2 Bd6
33. e4+ Kf4 34. exd5 exd5 35. Re6 Bb8 36. Rxg6 Ba7 37. Kf1 Bxd4 38. b3 Bb2 39.
Rd1 d4 40. a4 Bc3 41. Kf2 Rd8 42. g3+ Kf5 43. Rh6 Kg5 44. Rh7 b5 45. axb5 axb5
46. Rb7 b4 47. f4+ Kf5 48. Rb5+ Kg6 49. Rg5+ Kh6 50. Ke2 Re8+ 51. Kd3 Re3+ 52.
Kc4 Rf3 53. Rh1  1-0